Представление документа в формате RUSMARC

ПолеНазваниеЗначение
  Тип записи a
  Библиографический уровень m
001 Контрольный номер RU/CBS_UL/BASE/666195331
005 Дата корректировки 20240209174948.1
010 Индекс ISBN __
d Цена 50 к.
9 Тираж экз.
100 Данные общей обработки __
a Данные общей обработки 20210209d2021 ||| 0rusy0189 ca
101 Язык документа 0_
a Язык текста rus
102 Страна публикации __
a Страна публикации RU
105 Кодированные данные (монография) __
a Кодированные данные (монография) y###||||000|y
181 Поле кодированных данных: вид содержания _1
a Код вида содержания (ISBD) i#
b Код характеристики содержания (ISBD) #xxe##
d i
g x
h x
i e
182 Поле кодированных данных: тип средства _1
a Код типа средства (ISBD) n
2 Код системы (источник кода, отличный от ISBD) isbdmedia
200 Заглавие и сведения об ответственности 1_
a Заглавие Человек с луны
b Общее обозначение материала Текст
e Сведения, относящиеся к заглавию повесть о великом русском путешественнике Миклухо-Маклае
f Первые сведения об ответственности А. А. Чумаченко
g Последующие сведения об ответственности рис. П. Староносова
w Текст (визуальный) : непосредственный
203 Вид содержания и тип средства __
a Вид содержания Текст
b Характеристика содержания визуальный
c Тип средства непосредственный
210 Выходные данные 1_
a Место издания Улан-Удэ
c Издательство Бурятское книжное издательство
d Дата издания 1979
215 Физическое описание __
a Объем 94 с.
d Формат см.
300 Общие примечания __
a Общие примечания Под инв. номером 61988: 27-1
333 Примечание о целевом назначении __
a Примечание о целевом назначении 6+
600 Персоналии _0
a Персоналии (Фамилия) Миклухо-Маклай
b Персоналии (Имя, инициалы) Н. Н.
606 Тематические рубрики 0_
a Основная рубрика Миклухо-Маклай, Николай Николаевич (1846-1888)
610 Ключевые слова 0_
a Ключевые слова литература российская
a Ключевые слова литература детская
a Ключевые слова путешествия
a Ключевые слова путешественники русские
a Ключевые слова папуасы
686 Индексы других классификаций __
a Классификационный индекс 26.8г
2 Код системы rubbk
700 Автор _1
a Фамилия Чумаченко
b Имя (инициалы) Ада Артемьевна
g Полное личное имя А. А.
801 Источник записи _0
a Страна RU
b Организация МБУК ЦБС
c Дата составления 20210209
g Правила каталогизации RCR
801 Источник записи _1
a Страна RU
b Организация МБУК ЦБС г. Ульяновска
c Дата составления 20210209
g Правила каталогизации RCR
899 Данные о местонахождении __
i Авторский знак Ч-90
j Расстановочный фильтр Р6
901 Тип документа __
t Тип документа m
910 Корректоры записи __
a Корректор записи Тихонова